000 00703nam a2200253 a 4500
008
020 _a020111688X (pbk.)
049 _aMAIN
090 _aQH308.2
_bKIM
100 1 _aKimball, John W.
245 1 0 _aBiology /
_cJohn W. Kimball.
250 _a5th ed.
260 _aReading, Mass. ;
_aLondon :
_bAddison-Wesley,
_cc1983.
300 _axviii, 974 p. :
_bill. (some col.) ;
_c25 cm.
440 0 _aWorld student series
500 _aPrevious ed.: 1978.
500 _aIncludes index.
650 0 _aBiology.
907 _a.b10049836
_b06-07-09
_c17-04-03
003
005 20230123133630.0
040 _cNUST
942 _cBOOKS
_kQH308.2
_mKIM
999 _c151962
_d151962